|
|
|
|
| LEADER |
01483nam a2200349 a 4500 |
| 001 |
33099 |
| 003 |
BD-DhAAL |
| 005 |
20211121100050.0 |
| 008 |
120517s2013 nyua b 001 0 eng |
| 999 |
|
|
|c 39268
|d 39268
|
| 010 |
|
|
|a 2012019196
|
| 020 |
|
|
|a 9780415624664 (hardback)
|
| 020 |
|
|
|a 9780415624671 (pbk.)
|
| 020 |
|
|
|a 9780203104316 (ebook)
|
| 040 |
|
|
|a DLC
|c DLC
|d DLC
|d BD-DhAAL
|
| 043 |
|
|
|a d------
|
| 050 |
0 |
0 |
|a HV4173
|b .M58 2013
|
| 082 |
0 |
0 |
|a 362.52091724
|2 23
|
| 100 |
1 |
|
|a Mitlin, Diana.
|9 25872
|
| 245 |
1 |
0 |
|a Urban poverty in the global South :
|b scale and nature /
|c Diana Mitlin and David Satterthwaite.
|
| 260 |
|
|
|a New York :
|b Routledge,
|c 2013.
|
| 300 |
|
|
|a ix, 354 pages :
|b illustrations ;
|c 24 cm.
|
| 504 |
|
|
|a Includes bibliographical references and index.
|
| 526 |
|
|
|a ARC
|
| 541 |
|
|
|a Education for Generations
|e 33098, 33099.
|
| 650 |
|
0 |
|a Urban poor
|z Developing countries.
|9 25873
|
| 650 |
|
0 |
|a Architecture.
|9 42867
|
| 700 |
1 |
|
|a Satterthwaite, David.
|9 25874
|
| 852 |
|
|
|a Ayesha Abed Library
|c General Stacks
|
| 942 |
|
|
|2 ddc
|c BK
|
| 952 |
|
|
|0 0
|1 0
|2 ddc
|4 0
|6 362_520917240000000_MIT
|7 0
|9 63267
|a BRACUL
|b BRACUL
|c GEN
|d 2018-05-08
|e Education for generations
|g 3229.00
|l 1
|o 362.52091724 MIT
|p 3010033098
|r 2019-02-12
|s 2019-02-05
|t 1
|v 3229.00
|w 2018-05-08
|y BK
|
| 952 |
|
|
|0 0
|1 0
|2 ddc
|4 0
|6 362_520917240000000_MIT
|7 0
|9 63268
|a BRACUL
|b BRACUL
|c GEN
|d 2018-05-08
|e Education for Generations
|g 3229.00
|l 0
|o 362.52091724 MIT
|p 3010033099
|r 2018-05-08
|t 2
|v 3229.00
|w 2018-05-08
|y BK
|